| 000 | 00687cam a2200229u 4500 | ||
|---|---|---|---|
| 001 | 7849849 | ||
| 003 | ASAB | ||
| 005 | 20180827062708.0 | ||
| 008 | 820424s1935 miu 000 0 eng | ||
| 010 | _a 41008901 | ||
| 020 | _a81-7622-137-6 | ||
| 040 |
_aDLC _cASAB _dDLC |
||
| 050 | 0 | 0 |
_aSB731 _b.W23 1935 |
| 245 | 1 | 0 |
_aDiseases of vegetable crops, _cAlfred Steferud |
| 246 | _adiseases of vegetable crops | ||
| 260 |
_aAnn Arbor, Mich., _bEdwards brothers, inc., _c1935. |
||
| 300 |
_a2 p.l., 210 P _c28 x 22 cm. |
||
| 650 | 0 |
_aVegetables _xDiseases and pests. _92246 |
|
| 650 | 0 |
_aPlant diseases. _92247 |
|
| 906 |
_a0 _bcbc _cpremunv _du _encip _f19 _gy-gencatlg |
||
| 942 |
_2ddc _cBK |
||
| 999 |
_c480295 _d480295 |
||